Villains in "Star Trek", "Doctor Who", and "Battlestar Galactica". - Statistics

General Stats
  • This quiz has been taken 23 times
  • The average score is 12 of 15
Answer Stats
Question Answer % Correct
The Cylon Imperious Leader Battlestar Galactica
100%
Baltar Battlestar Galactica
100%
The Monk Doctor Who
100%
The Borg Star Trek
100%
Khan Noonien Singh Star Trek
100%
Q Star Trek
100%
The Cybermen Doctor Who
83%
The Master Doctor Who
83%
Davros Doctor Who
83%
Commander Tomalak Star Trek
83%
The Celestial Toymaker Doctor Who
67%
Lore Star Trek
67%
The Eastern Alliance Battlestar Galactica
50%
The Borellian Nomen Battlestar Galactica
50%
Lucifer Battlestar Galactica
33%
No matching quizzes found
Score Distribution
Percent of People with Each Score
Percentile by Number Answered
Your Score History
You have not taken this quiz